Ceramic Fabrication Processes/ (Record no. 12144)
[ view plain ]
| 000 -LEADER | |
|---|---|
| fixed length control field | 00977cam a22002771 4500 |
| 001 - CONTROL NUMBER | |
| control field | 8411971 |
| 005 - DATE AND TIME OF LATEST TRANSACTION | |
| control field | 20050708180614.0 |
| 008 - FIXED-LENGTH DATA ELEMENTS--GENERAL INFORMATION | |
| fixed length control field | 810223s1958 maua b 000 0 eng |
| 010 ## - LIBRARY OF CONGRESS CONTROL NUMBER | |
| LC control number | 58006077 |
| 015 ## - NATIONAL BIBLIOGRAPHY NUMBER | |
| National bibliography number | GB58-6374 |
| 035 ## - SYSTEM CONTROL NUMBER | |
| System control number | (OCoLC)7147706 |
| 040 ## - CATALOGING SOURCE | |
| Original cataloging agency | DLC |
| Transcribing agency | WMM |
| Modifying agency | Uk |
| -- | DLC |
| 042 ## - AUTHENTICATION CODE | |
| Authentication code | premarc |
| 050 00 - LIBRARY OF CONGRESS CALL NUMBER | |
| Classification number | TP807 |
| Item number | .K5 |
| 082 ## - DEWEY DECIMAL CLASSIFICATION NUMBER | |
| Classification number | 666.3 |
| Edition number | 22 |
| Item number | CER |
| 100 1# - MAIN ENTRY--PERSONAL NAME | |
| Personal name | Kingery, W. D. |
| Relator term | ed. |
| 9 (RLIN) | 7346 |
| 245 10 - TITLE STATEMENT | |
| Title | Ceramic Fabrication Processes/ |
| Statement of responsibility, etc | W. D. Kingery, Editor |
| 260 ## - PUBLICATION, DISTRIBUTION, ETC. (IMPRINT) | |
| Place of publication, distribution, etc | Cambridge, MA.: |
| Name of publisher, distributor, etc | Technology Press of Massachusetts Institute of Technology, |
| Date of publication, distribution, etc | 1958 |
| 300 ## - PHYSICAL DESCRIPTION | |
| Extent | xi, 235 p.: |
| Other physical details | illus., diagrs.; |
| Dimensions | 28 cm. |
| 490 0# - Series Statement | |
| Series statement | Technology Press books in science and engineering |
| 500 ## - GENERAL NOTE | |
| General note | Includes indexes |
| 504 ## - BIBLIOGRAPHY, ETC. NOTE | |
| Bibliography, etc | Includes bibliographies. |
| 650 #0 - SUBJECT ADDED ENTRY--TOPICAL TERM | |
| Topical term or geographic name as entry element | Ceramic industries. |
| 9 (RLIN) | 7347 |
| 942 ## - ADDED ENTRY ELEMENTS (KOHA) | |
| Source of classification or shelving scheme | Dewey Decimal Classification |
| Item type | Book - Borrowing |
| Withdrawn status | Item status | Source of classification or shelving scheme | Damaged status | Not for loan | Vendor | Home library | Current library | Shelving location | Date acquired | Source of acquisition | Cost, normal purchase price | Total Checkouts | Total Renewals | Full call number | Barcode | Date last seen | Date last borrowed | Koha item type |
|---|---|---|---|---|---|---|---|---|---|---|---|---|---|---|---|---|---|---|
| Dewey Decimal Classification | Alef-Baa | Central Library | Central Library | First floor | 30/06/2009 | 150.00 | 1 | 2 | 666.3 CER | 000017229 | 15/07/2025 | 17/04/2014 | Book - Borrowing |